| 000 | 004710000a22001930004500 | ||
|---|---|---|---|
| 001 | 000559 | ||
| 003 | MACL | ||
| 005 | 20150819125203.0 | ||
| 008 | 150819b xxu||||| |||| 00| 0 eng d | ||
| 040 |
_aMACL _cMACL |
||
| 041 | _aEnglish | ||
| 082 | _a621.381/KAP | ||
| 100 |
_aKapoor, Arun _96214 |
||
| 245 |
_aPrincipals Of Computer _cArun Kapoor |
||
| 260 |
_aJaipur _c2001 _bAnkit Publications, |
||
| 350 | _a200 | ||
| 650 |
_aComputer Science _916 |
||
| 942 |
_k621 _cBK _2ddc |
||
| 999 |
_c559 _d559 |
||